000 00788nam a22002657a 4500
001 8264
003 FISKH
005 20250905113009.0
008 250905b cb ||||| |||| 00| 0 eng d
020 _a9780590127189
040 _aFISKH
_beng
_cFISKH
_dFISKH
050 _aGT3050 .A43
082 _a395
100 _aAliki
245 _aHello! good-bye! /
_cBy Aliki
260 _aNew York :
_bScholastic ,
_c1996.
300 _a30 unnumbered pages :
_bcolor illustrations ;
_c23 x 23 cm .
505 _aG
520 _aDescribes some of the many ways, both verbal and nonverbal, that people say hello and good-bye.
521 8 _a370
_bLexile estimate
521 8 _aG
_bRaz-Plus
650 _aMulticultural
_vPicture book
942 _2ddc
_cBK
_n0
999 _c8264
_d8264